[Event "45th Olympiad Budapest 2024"]
[Site "Budapest"]
[Date "2024.09.19"]
[Round "8"]
[Board "2"]
[White "Drayton, Anthony"]
[Black "Rodriguez Santiago, Jaime"]
[Result "1-0"]
[WhiteElo "1964"]
[BlackElo "2002"]
[PlyCount "69"]
[EventDate "2024.09.11"]
[EventType "team-tourn"]
[EventRounds "11"]
[EventCountry "HUN"]
[WhiteTeam "Guyana"]
[BlackTeam "Puerto Rico"]
[WhiteTeamCountry "GUY"]
[BlackTeamCountry "PUR"]

1. d4 Nf6 2. c4 e6 3. Nc3 Bb4 4. Nf3 O-O 5. Qc2 d5 6. Bg5 Nbd7 7. e3 h6 8. Bh4 Be7 9. Bd3 dxc4 10. Bxc4 c5 11. O-O ({RR} 11. dxc5 Qa5 12. O-O Qxc5 13. Be2 Nd5 14. Bxe7 Nxe7 15. Rac1 Nf6 16. Ne4 Nxe4 17. Qxe4 Qd5 18. Bd3 Qxe4 19. Bxe4 Rd8 20. Rc7 Rd7 21. Rxd7 Bxd7 22. Rc1 Bc6 23. Bxc6 Nxc6 24. Kf1 {½-½ Spytek,H (1760)-Moszczenski,M (1847) Wroclaw Open B 2024 (4.28)}) 11... a6 12. a4 cxd4 13. exd4 ({RR} 13. Nxd4 Nh5 14. Bxe7 Qxe7 15. a5 Nhf6 16. Be2 Ne5 17. Qb3 Rd8 18. Na4 Nd5 19. Rfc1 Bd7 20. Nb6 Nxb6 21. Qxb6 Be8 22. Rc7 Rd7 23. Qxb7 Qd8 24. Rxd7 Bxd7 25. h3 g5 26. b4 Rb8 27. Qxa6 Rxb4 {1-0 Epishin,V (2633)-Tissir,M (2436) Seville op 29th 2004 (5)}) 13... b6 $146 ({RR} 13... Nb6 14. Ba2 g5 15. Bg3 g4 16. Ne5 Qxd4 17. Rad1 Qb4 18. Bb1 Rd8 19. Bh4 Qf4 20. Bxf6 Qxf6 21. Nxg4 Qg7 22. Rxd8+ Bxd8 23. Rd1 Be7 24. Ne3 f5 25. Qb3 Bc5 26. Nxf5 Qf8 27. Ne3 Qf4 28. Ne4 {1-0 Alavi,H (1991)-Kheyrjou,A (1678) Qazvin op (Women) 18th 2015 (9)}) ({RR} 13... Nb6 14. Bd3 Bd7 15. Ne5 Rc8 16. Qe2 Nbd5 17. Bg3 Nxc3 18. bxc3 Rxc3 19. a5 Bb5 20. Bxb5 axb5 21. Qxb5 Qxd4 22. Qxb7 Nd5 23. Nc6 Qc5 24. Nxe7+ Nxe7 25. a6 Qc6 26. Qxe7 {1-0 Budrewicz,K (2289)-Blanco Fernandez,A (2219) Titled Tuesday intern op 26th Jan blitz 2021 (10)}) 14. d5 exd5 15. Nxd5 Nxd5 16. Bxd5 Ra7 17. Bg3 Nf6 18. Ba2 Rd7 19. Rad1 Bb7 20. Ne5 Rxd1 21. Rxd1 Qa8 22. Qc7 Bc5 23. Nxf7 Bd5 24. Bxd5 Nxd5 25. Qe5 Rxf7 26. Qxd5 Qf8 27. Kf1 Kh7 28. f3 Rf5 29. Qe4 Qf7 30. Bf2 g6 31. b4 Rf4 32. Qd3 Rxb4 33. Qd8 Be7 34. Qc7 Qe6 35. Re1 1-0

[Event "45th Olympiad Budapest 2024"]
[Site "Budapest"]
[Date "2024.09.19"]
[Round "8"]
[Board "3"]
[White "Zilleruelo Irizarry, Diego"]
[Black "Sandiford, Keron"]
[Result "1-0"]
[WhiteElo "2041"]
[BlackElo "1755"]
[PlyCount "103"]
[EventDate "2024.09.11"]
[EventType "team-tourn"]
[EventRounds "11"]
[EventCountry "HUN"]
[WhiteTeam "Puerto Rico"]
[BlackTeam "Guyana"]
[WhiteTeamCountry "PUR"]
[BlackTeamCountry "GUY"]

1. e4 c5 2. Nf3 d6 3. Be2 Nf6 4. c3 Nc6 5. Qc2 g6 6. d4 cxd4 7. cxd4 Bg7 8. O-O O-O 9. Nc3 Bg4 10. Be3 Nd7 11. Rfd1 $146 ({RR} 11. Rad1 a6 12. Qd2 Rc8 13. Ng5 Bxe2 14. Nxe2 Nf6 15. f3 b5 16. Ng3 Qa5 17. d5 Qxd2 18. Bxd2 Ne5 19. f4 Nc4 20. Bc1 Ng4 21. Rfe1 Bxb2 22. Bxb2 Nxb2 23. Rd2 Nc4 24. Rde2 Rc7 25. h3 h6 {0-1 Giaquinto,S (1748)-Grandinetti,P (1639) Praia op 1st 2007 (4)}) ({RR} 11. Rad1 Rc8 12. h3 Bxf3 13. Bxf3 a6 14. Qd2 Nb6 15. b3 e6 16. Bh6 Nxd4 17. Bxg7 Nxf3+ 18. gxf3 Kxg7 19. Qxd6 Qg5+ 20. Qg3 Qxg3+ {0-1 Rivera Fernandez,F (1530)-De Araujo,J (2057) Belem op 2nd 2017 (1)}) 11... Qb8 12. Qd2 Nf6 13. Rac1 a6 14. d5 Bxf3 15. Bxf3 Ne5 16. Be2 Rc8 17. b3 Ned7 18. f4 Nc5 19. Bf3 a5 20. Bd4 b5 21. Qe3 Ra7 22. e5 Nfd7 23. Ne4 Rb7 24. Nxc5 dxc5 25. d6 cxd4 26. Rxc8+ Qxc8 27. Bxb7 Qxb7 28. dxe7 dxe3 29. e8=Q+ Nf8 30. Re1 Qe4 31. Qxb5 Qxf4 32. Rf1 Qd4 33. Qc4 Qxc4 34. bxc4 Bxe5 35. Rd1 Ne6 36. Rd5 Bd4 37. Kf1 Bb6 38. g3 Kf8 39. Rb5 Bc7 40. Rd5 Ke7 41. c5 f6 42. Ke2 Be5 43. Kxe3 Bd4+ 44. Rxd4 Nxd4 45. Kxd4 Kd7 46. Kd5 h5 47. c6+ Kc7 48. Ke6 Kxc6 49. Kxf6 Kb5 50. Kxg6 Ka4 51. Kxh5 Ka3 52. g4 1-0

[Event "45th Olympiad Budapest 2024"]
[Site "Budapest"]
[Date "2024.09.19"]
[Round "8"]
[Board "4"]
[White "Pitamber, Sachin Dhilan"]
[Black "Mejias Nunez, Rafael E."]
[Result "1/2-1/2"]
[WhiteElo "1715"]
[BlackElo "2026"]
[PlyCount "97"]
[EventDate "2024.09.11"]
[EventType "team-tourn"]
[EventRounds "11"]
[EventCountry "HUN"]
[WhiteTeam "Guyana"]
[BlackTeam "Puerto Rico"]
[WhiteTeamCountry "GUY"]
[BlackTeamCountry "PUR"]

1. e4 c5 2. Nf3 e6 3. Nc3 a6 4. d4 cxd4 5. Nxd4 Qc7 6. Be3 Bb4 7. Qd3 Nf6 8. Bd2 Nc6 ({RR} 8... O-O 9. a3 Bxc3 10. Bxc3 d5 11. exd5 Nxd5 12. Bd2 e5 13. Nb5 axb5 14. Qxd5 Rd8 15. Qe4 Rd4 16. Qe3 Bf5 17. f3 b4 18. c3 bxc3 19. Bxc3 Nc6 20. Bb5 Rdd8 {½-½ Vovk,A (2644)-Werle,J (2514) Fagernes Norsk op-A 2015 (8)}) 9. Be2 O-O 10. O-O-O $146 ({RR} 10. f4 e5 11. Nxc6 dxc6 12. f5 Rd8 13. Qe3 Rd4 14. Bf3 b5 15. g4 Bb7 16. g5 Ne8 17. g6 hxg6 18. fxg6 Rad8 19. gxf7+ Qxf7 20. O-O-O Nd6 21. b3 c5 22. Rhg1 Rf8 23. Bg4 Nc4 24. Qg5 Ba3+ {1-0 Petr,M (2451)-Langner,L (2363) CZE-chT 0809 2008 (10.4)}) ({RR} 10. Nxc6 dxc6 11. O-O Rd8 12. Bf4 Rxd3 13. Bxc7 Rd7 14. Bb6 Bxc3 15. bxc3 Nxe4 16. c4 e5 17. Rfe1 Nf6 18. Bd3 Re7 19. f4 e4 20. Bd8 Re6 21. f5 Re8 22. Bxf6 Bxf5 23. Bd4 exd3 24. cxd3 Bxd3 {0-1 Taieb,A (1986)-Shohat,Y (2328) ch-ISR Open 2024 (2.16)}) ({RR} 10. O-O Ne5 11. Qe3 Bc5 12. Be1 b5 13. Rd1 Qa7 14. Nb1 Bb7 15. c3 Nxe4 16. f3 Nc6 17. fxe4 e5 18. Bf2 exd4 19. cxd4 Bb6 20. Nc3 Rae8 21. Nd5 Bxd4 22. Qg3 Bxf2+ 23. Rxf2 f5 24. Kh1 Rxe4 {0-1 Dimitrijevic,A (2152)-Paehtz,E (2358) EU-chT U18 Girls 2nd 2001 (6)}) ({RR} 10. Nxc6 bxc6 11. O-O Rb8 12. g3 d5 13. exd5 cxd5 14. Bf3 Bd6 15. Rab1 Nd7 16. Bg2 Ne5 17. Qe2 Nc4 18. Na4 Bd7 19. b3 Na3 20. Rbc1 Bxa4 21. bxa4 Qc6 22. Qg4 Qc4 23. Qxc4 Nxc4 24. Bc3 Na3 {0-1 Maupin,J (2063)-Mietlicki,R (2122) FRA-chT2 France 2002 (5)}) 10... b5 11. a3 Nxd4 12. Qxd4 Bc5 13. Qd3 Bb7 14. Bg5 Bc6 15. Kb1 b4 16. Bxf6 gxf6 17. axb4 Bxb4 18. Qd4 Bxc3 19. Qxc3 Qe5 20. Qxe5 fxe5 21. Rd3 Rfc8 22. Rg3+ Kf8 23. Bd3 Ke7 24. Re1 a5 25. Rh3 Rg8 26. g3 Rg7 27. f4 exf4 28. gxf4 Rag8 29. e5 Rg1 30. Rxg1 Rxg1+ 31. Ka2 Rg4 32. f5 exf5 33. Rxh7 Bd5+ 34. b3 f4 35. c4 Rg2+ 36. Ka3 Be6 37. Rh4 f3 38. Rf4 f2 39. h4 d6 40. exd6+ Kxd6 41. h5 Rh2 42. h6 f5 43. h7 Rxh7 44. Rxf2 Rf7 45. b4 axb4+ 46. Kxb4 Rb7+ 47. Kc3 Kc5 48. Re2 Kd6 49. c5+ 1/2-1/2

[Event "45th Olympiad Budapest 2024"]
[Site "Budapest"]
[Date "2024.09.19"]
[Round "8"]
[Board "1"]
[White "Mathurin, Nathaniel"]
[Black "Kawuma, Patrick"]
[Result "0-1"]
[WhiteElo "1982"]
[BlackElo "2207"]
[PlyCount "89"]
[EventDate "2024.09.11"]
[EventType "team-tourn"]
[EventRounds "11"]
[EventCountry "HUN"]
[WhiteTeam "Saint Lucia"]
[BlackTeam "Uganda"]
[BlackTeamCountry "UGA"]

1. d4 {Marin,Mihail} Nf6 2. Nf3 e6 3. c4 d5 4. g3 Be7 5. Bg2 O-O 6. O-O a5 7. Qc2 c6 8. Bf4 Nbd7 9. b3 ({RR} 9. Rd1 Nh5 10. Bc1 b5 ({RR} 10... Nhf6 11. Nbd2 b5 12. c5 Qe8 13. e4) 11. cxd5 ({RR} 11. c5 f5) 11... cxd5 12. e4 dxe4 ({RR} 12... Nhf6 13. Ng5 ({RR} 13. e5 Ne4 14. Ne1 f5 15. f3 Ng5 16. Bxg5 Bxg5 17. f4 Be7 18. Nc3 Rb8 19. Nxd5 exd5 20. Bxd5+) 13... h6 ({RR} 13... dxe4 14. Nxh7 Nxh7 15. Bxe4) ({RR} 13... Bb7 14. e5) 14. exd5 exd5 ({RR} 14... hxg5 15. d6) 15. Nf3 ({RR} 15. Bxd5 Ra7 16. Bxf7+) 15... Ba6 16. Ne5 Rc8 17. Qf5) 13. Qxe4 Rb8 ({RR} 13... Ra6 14. Qe2) 14. Qe2 Nhf6 ({RR} 14... Bb7 15. Nc3 b4 16. d5 exd5 ({RR} 16... bxc3 17. dxe6) 17. Nxd5 Re8 18. Qd3 Nhf6 ({RR} 18... Ndf6 19. Nxe7+ Qxe7 20. Be3) ({RR} 18... Nc5 19. Qc4) 19. Ng5 Nf8 20. Qb3 Bxd5 ({RR} 20... Nxd5 21. Nxf7) 21. Rxd5 Nxd5 22. Nxf7) 15. Bf4 Rb6 16. Ne5 ({RR} 16. Nc3 Ba6) 16... Nd5 ({RR} 16... Bb7 17. Bxb7 Rxb7 18. Nc6 Qe8 19. Nxa5) ({RR} 16... Nb8 17. Nc3 Ba6 18. d5 ({RR} 18. Ne4) 18... b4 19. dxe6 Bxe2 20. Rxd8 Bxd8 21. exf7+ Rxf7 22. Nxe2 Re7 ({RR} 22... Rf8 23. Nc4 Rb5 24. Nd4) 23. Rc1) ({RR} 16... Nxe5 17. dxe5 Nd5) 17. Bxd5 ({RR} 17. Nc3 Nxf4 18. gxf4) 17... exd5 18. Nc3 Nf6 ({RR} 18... Nxe5 19. dxe5 d4 ({RR} 19... Be6 20. Qd3 d4 21. Qxd4 Qxd4 22. Rxd4) 20. Be3 dxe3 21. Rxd8 exf2+ 22. Qxf2 Bxd8 23. Nd5 Re6 24. Qd4) 19. Nxb5 Ba6 20. a4 Ne4 21. Rdc1 Qe8 22. Rc7 ({RR} 22. Rc2 Bd8 ({RR} 22... Bxb5 23. axb5 Qxb5 24. Qxb5 Rxb5 25. Nc6 Bd8 ({RR} 25... Bb4 26. f3 Nf6 27. Bc7) 26. Nxd8 Rxd8 27. f3 Nf6 28. Bd2) ({RR} 22... h6 23. Nc7 Bxe2 24. Nxe8 Rxe8 25. Rxe2) 23. Re1 Bxb5 24. axb5 Qxb5 25. Qxb5 Rxb5 26. Nd7 Re8 27. f3 Nd6 28. Rxe8+ Nxe8 29. Rc8) 22... Bd8 23. Ra7 f6 {1-0 Kramnik,V (2743)-Topalov,V (2813) World-ch Kramnik-Topalov +3-3=6 2006 (10)} ({RR} 23... Bxb5 24. axb5 Qxb5 25. Qxb5 Rxb5 26. Ra2 f6 ({RR} 26... g5 27. Be3 f5 28. Nd3 Bb6 29. Rd7 Rf7) 27. Nc6 Bb6 28. Rb7 Rf7 29. Rb8+ Rf8 30. Ne7+ Kf7 31. Nc8 Rxc8 32. Rxc8 Bxd4 33. Rc2 Nc5) {RR} 24. Qg4) 9... b6 10. Nbd2 Nh5 ({RR} 10... Bb7 11. e4 Nxe4 12. Nxe4 dxe4 13. Qxe4 Ra7 14. Rad1 Qa8 15. c5 bxc5 16. dxc5 Ba6 17. Rfe1 Bxc5 18. Ng5 Nf6 19. Qc2 Bb4 20. Be5 h6 21. Bxf6 hxg5 22. Bc3 Bb7 23. Rd7 Bc8 24. Rd4 Bb7 25. Rg4 {1-0 Bryakin,M (2470)-Ostojic,N (2248) RUDAR 27 IM 2024 (4.3)}) 11. e4 $146 ({RR} 11. cxd5 cxd5 12. Bc7 Qe8 13. e4 Ba6 14. Rfc1 Ba3 15. exd5 Bxc1 16. Rxc1 exd5 17. Ng5 Nhf6 18. Bd6 Rc8 19. Qb1 Bd3 20. Qxd3 Rxc1+ 21. Nf1 h6 22. Nh3 Qe1 23. Bxf8 Nxf8 24. Nf4 Ne4 25. Nxd5 Qxf2+ {0-1 Campos Gomez,M (2316)-Teo,H (1939) Serbia Open 2023 (8.23)}) 11... Nxf4 12. gxf4 dxe4 13. Nxe4 Qc7 14. Ne5 Bb7 15. Rad1 Rad8 16. Rfe1 c5 17. d5 exd5 18. cxd5 Nxe5 19. fxe5 Bxd5 20. Ng5 Bxg5 21. Bxd5 Kh8 22. Qf5 Qe7 23. f4 Bh6 24. Rf1 Qh4 25. Kg2 b5 26. Rd3 g6 27. Qe4 Bg7 28. Rfd1 Qg4+ 29. Kh1 Bh6 30. Rf1 Qh4 31. f5 Qxe4+ 32. Bxe4 Rd4 33. Rxd4 cxd4 34. Bd3 b4 35. Bc4 Kg7 36. Kg2 Be3 37. Kf3 gxf5 38. Ke2 f4 39. Kd3 Re8 40. Ke4 Rc8 41. Rb1 a4 42. Rb2 a3 43. Rg2+ Kf8 44. e6 Re8 45. Ke5 0-1

[Event "45th Olympiad Budapest 2024"]
[Site "Budapest"]
[Date "2024.09.19"]
[Round "8"]
[Board "2"]
[White "Egesa, Emmanuel"]
[Black "James, Justin"]
[Result "1-0"]
[WhiteElo "2128"]
[BlackElo "1745"]
[PlyCount "100"]
[EventDate "2024.09.11"]
[EventType "team-tourn"]
[EventRounds "11"]
[EventCountry "HUN"]
[WhiteTeam "Uganda"]
[BlackTeam "Saint Lucia"]
[WhiteTeamCountry "UGA"]

1. d4 d5 2. Nf3 Nf6 3. c3 e6 4. Bf4 c5 5. e3 Qb6 6. Qc2 Nc6 7. Nbd2 Nh5 8. Bg5 h6 9. Bh4 g5 ({RR} 9... cxd4 10. exd4 Bd6 11. O-O-O Bd7 12. Kb1 Rc8 13. Bg3 Nxg3 14. hxg3 e5 15. Qb3 e4 16. Qxb6 axb6 17. Ne1 Ne7 18. Nc2 b5 19. Be2 f5 20. Nf1 g5 21. Nfe3 Kf7 22. Rh5 Kg7 23. Rdh1 Rcf8 24. a3 {½-½ Bogdanovich,S (2574)-Klekowski,M (2471) TUR-chT 1st League 2017 (8.7)}) 10. Bg3 Nxg3 11. hxg3 Bg7 12. Nb3 $146 ({RR} 12. Bd3 c4 13. Be2 e5 14. dxe5 Nxe5 15. Nxe5 Bxe5 16. Nf3 Bg7 17. Rd1 Be6 18. Nd4 O-O-O 19. b3 cxb3 20. axb3 Kb8 21. O-O h5 22. Nxe6 fxe6 23. c4 Rc8 24. Qg6 Qc7 25. Qxg5 h4 26. gxh4 Rcg8 {0-1 Antonova,N (1967)-De Freitas,I (1932) BRICS Games Blitz Team 2024 (3.12)}) 12... c4 13. Nbd2 Qc7 14. b3 cxb3 15. axb3 Bd7 16. Bd3 Rc8 17. Rc1 a5 18. Nb1 Na7 19. c4 dxc4 20. bxc4 Nc6 21. Qb3 Nb4 22. Be2 b6 23. Nc3 Bc6 24. g4 Qb7 25. Qb1 Qe7 26. Rd1 Bb7 27. Rd2 Ba6 28. Ne5 Qc7 29. Ne4 Bb7 30. Nf3 Qc6 31. Ng3 f6 32. Qg6+ Kf8 33. Nh5 Qd7 34. Nxf6 Qf7 35. Qxf7+ Kxf7 36. Nd7 a4 37. Nxb6 a3 38. Nxc8 Rxc8 39. O-O Be4 40. Ra1 Ra8 41. Ne1 Bf8 42. Bf3 Bxf3 43. gxf3 Ke8 44. Nd3 Nxd3 45. Rxd3 Bb4 46. Rb3 Ra4 47. Ra2 Kd7 48. Kf1 Kd6 49. Ke2 Kc6 50. Kd3 Kd6 1-0

[Event "45th Olympiad Budapest 2024"]
[Site "Budapest"]
[Date "2024.09.19"]
[Round "8"]
[Board "3"]
[White "Elizee, Kaieem"]
[Black "Nsubuga, Haruna"]
[Result "1-0"]
[WhiteElo "1701"]
[BlackElo "2243"]
[PlyCount "112"]
[EventDate "2024.09.11"]
[EventType "team-tourn"]
[EventRounds "11"]
[EventCountry "HUN"]
[WhiteTeam "Saint Lucia"]
[BlackTeam "Uganda"]
[BlackTeamCountry "UGA"]

1. d4 Nf6 2. c4 e6 3. Nf3 d5 4. g3 Nc6 5. Bg2 dxc4 6. O-O Rb8 7. a4 Be7 ({RR} 7... Bb4 8. Bd2 O-O 9. Bxb4 Nxb4 10. Na3 b6 11. Nxc4 a5 12. Rc1 Ba6 13. b3 Qe7 14. e3 Rfd8 15. Qe2 c5 16. Rfd1 cxd4 17. Nxd4 Nfd5 18. h4 h6 19. Rd2 Rbc8 20. Qh5 Rc5 21. Qg4 Qf6 22. Nb5 {1-0 Gharibyan,M (2491)-Sarana,A (2668) Titled Tue 21st Mar Early 2023 (6)}) 8. Nc3 $146 ({RR} 8. Na3 Na5 9. Bf4 a6 10. Qc2 b5 11. Rad1 Nd5 12. Bd2 c3 13. Bxc3 b4 14. Bxb4 Nxb4 15. Qd2 Bd7 16. Qf4 Bxa4 17. Rc1 Nd5 18. Qg4 h5 19. Qe4 Rxb2 20. Nc4 Nxc4 21. Rxc4 Bb5 {0-1 Fagan,J-Rajlich,V (2350) Mid West Class op 1996 (2)}) ({RR} 8. Na3 Na5 9. Ne5 Bxa3 10. Rxa3 O-O 11. Bg5 h6 12. Bd2 Qxd4 13. Bxa5 Qxe5 14. Bb4 c5 15. Bc3 Qf5 16. Re1 b6 17. e4 Qg6 18. Be5 Ra8 19. Bd6 Rd8 20. e5 Nd5 21. Bxd5 exd5 22. Qxd5 Be6 {0-1 Meunier-Pion,J (2198)-Sos Andreu,E (2359) Titled Tue 10th Sep Late 2024 (7)}) ({RR} 8. Na3 Na5 9. Bf4 Nd5 10. Bd2 Nb3 11. Ra2 Nxd2 12. Qxd2 O-O 13. Nxc4 c5 14. Rd1 Qc7 15. Ne3 Nxe3 16. Qxe3 cxd4 17. Nxd4 Rd8 18. Raa1 Bd7 19. Rac1 Qb6 20. b3 Bc5 21. Rc4 Be8 22. Qc3 Be7 {0-1 Cordero,D (1990)-Ordaz Valdes,L (2306) Olympiad Women-38 2008 (3)}) ({RR} 8. Na3 Na5 9. Bf4 Nd5 10. Qc2 Nxf4 11. gxf4 Qd6 12. e3 Qb4 {½-½ Liebert,H (2405)-Estrin,Y Prague Vysehrad 1985 (2)}) 8... a6 9. e4 O-O 10. e5 Nd5 11. Ne4 Re8 12. h4 f5 13. exf6 gxf6 14. Re1 Bf8 15. a5 b5 16. axb6 cxb6 17. Bd2 b5 18. Qc1 Ncb4 19. Bxb4 Nxb4 20. Qf4 f5 21. Qxb8 fxe4 22. Rxe4 Bd6 23. Rg4+ Kh8 24. Qa8 e5 25. Rg5 e4 26. Ne5 Bxe5 27. Rxe5 Rf8 28. Qxe4 Qf6 29. Re7 Bf5 30. Qe5 Nd3 31. Qxf6+ Rxf6 32. Bb7 Nxb2 33. Bxa6 c3 34. Bxb5 Rf8 35. Rc7 c2 36. d5 Rb8 37. d6 Kg8 38. d7 Rd8 39. Re1 Bxd7 40. Bxd7 Nd3 41. Be6+ Kf8 42. Rf1 c1=Q 43. Rcxc1 Nxc1 44. Rxc1 Ke7 45. Bh3 Kf6 46. Rc5 h6 47. Kg2 Rd6 48. Bg4 Rb6 49. Bf3 Rb4 50. Rc6+ Kg7 51. h5 Ra4 52. Re6 Ra5 53. g4 Ra4 54. Be4 Rb4 55. Bf5 Rb3 56. Rg6+ Kh7 1-0

[Event "45th Olympiad Budapest 2024"]
[Site "Budapest"]
[Date "2024.09.19"]
[Round "8"]
[Board "4"]
[White "Nyola, Wasswa Mark"]
[Black "Daniel, Cyrus"]
[Result "1-0"]
[WhiteElo "2070"]
[BlackElo "1759"]
[PlyCount "81"]
[EventDate "2024.09.11"]
[EventType "team-tourn"]
[EventRounds "11"]
[EventCountry "HUN"]
[WhiteTeam "Uganda"]
[BlackTeam "Saint Lucia"]
[WhiteTeamCountry "UGA"]

1. d4 d5 2. Nf3 Nf6 3. c4 c6 4. Nc3 dxc4 5. a4 Bf5 6. Ne5 Nbd7 7. Nxc4 Nb6 8. Ne5 a5 9. f3 Nfd7 10. Nxd7 Nxd7 11. e4 Bg6 12. h4 h6 13. h5 ({RR} 13. Qb3 Qc7 14. h5 Bh7 15. d5 Nc5 16. Qc4 e6 17. Be3 exd5 18. exd5 Qg3+ 19. Kd2 Qd6 20. Bxc5 Qxc5 21. Re1+ Kd7 22. Qf4 Rd8 23. Bd3 Bxd3 24. Qxf7+ Kc8 25. Kxd3 cxd5 26. Rc1 Qc4+ 27. Kc2 Qc7 {1-0 Navara,D (2737)-Ivanchuk,V (2738) Prague Cez Trophy m rapid 2017 (7)}) 13... Bh7 14. Be3 e6 $146 ({RR} 14... Qb6 15. Qd2 e5 16. Rd1 exd4 17. Bxd4 Qc7 18. Bc4 b6 19. Rh4 Rd8 20. Be3 Be7 21. Rh3 O-O 22. Qf2 Bc5 23. Be2 f5 24. Bc4+ Kh8 25. Rh4 Rde8 26. f4 fxe4 27. Qg3 Bxe3 28. Qxe3 Nc5 29. Kf1 {0-1 Alivodic,D (2274)-Jakovljevic,V (2377) Belgrade Premier League 2023 (9.4)}) 15. Qd2 Bb4 16. Bc4 Qe7 17. g4 Rd8 18. Qe2 e5 19. d5 cxd5 20. Bxd5 O-O 21. O-O Nf6 22. Bb3 Bc5 23. Nd5 Nxd5 24. Bxd5 Bxe3+ 25. Qxe3 Qb4 26. Qc3 Qb6+ 27. Rf2 Rxd5 28. exd5 e4 29. Re1 exf3 30. Qxf3 f5 31. Qe3 Qb4 32. Rf4 Qxb2 33. d6 Qf6 34. d7 Qd6 35. Rd4 Qf6 36. Qe5 Qh4 37. Re2 fxg4 38. Qd5+ Kh8 39. d8=Q Qg3+ 40. Qg2 Qxg2+ 41. Kxg2 1-0

[Event "45th Olympiad Budapest 2024"]
[Site "Budapest"]
[Date "2024.09.19"]
[Round "8"]
[Board "1"]
[White "Mompel Ferruz, Xavier"]
[Black "Ferster, Fabian"]
[Result "1/2-1/2"]
[WhiteElo "2273"]
[BlackElo "2184"]
[PlyCount "117"]
[EventDate "2024.09.11"]
[EventType "team-tourn"]
[EventRounds "11"]
[EventCountry "HUN"]
[WhiteTeam "Equatorial Guinea"]
[BlackTeam "Liechtenstein"]
[BlackTeamCountry "LIE"]

1. e4 c5 2. Nf3 Nf6 3. e5 Nd5 4. Nc3 e6 5. Ne4 d6 6. exd6 Bxd6 7. Nxd6+ ({RR} 7. Bb5+ Nc6 8. Bxc6+ bxc6 9. d3 O-O 10. O-O e5 11. h3 f6 12. Nfd2 Be7 13. Nc4 Bf5 14. Re1 Qd7 15. b3 Nc7 16. Ng3 Bg6 17. Qg4 Qxg4 18. hxg4 Ne6 19. Be3 Rfd8 20. f3 Bf8 21. Kf2 Nd4 {½-½ Caruana,F (2792)-Dreev,A (2623) Chess.com Rapid Wk2 KO 2022 (1.1)}) 7... Qxd6 8. g3 $146 ({RR} 8. d4 cxd4 9. Qxd4 Qb4+ 10. Bd2 Qxd4 11. Nxd4 a6 12. c4 Nf6 13. Bb4 e5 14. Nf3 Nc6 15. Bd6 e4 16. Nd2 Bf5 17. h3 Rd8 18. c5 Nb4 19. Rc1 Nfd5 20. a3 Nc6 21. Bc4 Nde7 22. O-O Nc8 {0-1 Bray,J-Babo,M Leiria op 4th 2000 (5.4)}) ({RR} 8. d4 O-O 9. c4 Nf6 10. Be3 cxd4 11. Qxd4 Qxd4 12. Bxd4 Nc6 13. O-O-O Nxd4 14. Rxd4 b6 15. Ne5 Bb7 16. f3 Rfd8 17. Rd2 Rxd2 18. Kxd2 Rd8+ 19. Bd3 Kf8 20. Ke3 Ke7 21. Be2 g5 22. Rc1 Rc8 {½-½ Lenaerts,L (2300)-Xu,X (2628) Titled Tue 20th Aug Early 2024 (2)}) ({RR} 8. d4 Nc6 9. dxc5 Qxc5 10. a3 O-O 11. Bd3 Nf6 12. Be3 Qh5 13. Nd4 Nxd4 14. Bxd4 Qxd1+ 15. Rxd1 e5 16. Bxe5 Re8 17. f4 Ng4 18. O-O Ne3 19. Bb5 Rf8 20. Bd6 Nxd1 21. Bxf8 Kxf8 22. Rxd1 Bg4 {0-1 Huerter,H (2264)-Stelmaszyk,N (2387) Titled Tue 14th Mar Late 2023 (8)}) ({RR} 8. d4 Nc6 9. c4 Nde7 10. dxc5 Qxc5 11. Be3 Qb4+ 12. Qd2 Qxd2+ 13. Bxd2 e5 14. Bc3 f6 15. b4 Bg4 16. b5 Bxf3 17. gxf3 Nd4 18. Bxd4 exd4 19. Bd3 O-O-O 20. Rg1 g6 21. Kd2 Rhe8 22. h4 Kc7 {1-0 Schnabel,R (2257)-Zimmermann,J (1606) Greifswald Ryck op 2002 (1)}) 8... Nc6 9. d3 O-O 10. Bg2 b6 11. O-O Bb7 12. Nd2 Rad8 13. a4 Qe7 14. Nc4 Ba6 15. Bd2 Qf6 16. Qg4 h6 17. Ne3 Qd4 18. Qxd4 Nxd4 19. Bxd5 exd5 20. f3 Rfe8 21. a5 Bb5 22. axb6 axb6 23. Rae1 Rxe3 24. Rxe3 Nxc2 25. Re7 Bxd3 26. Rd1 c4 27. Bf4 b5 28. Bc7 Ra8 29. Rd7 Ra2 30. Be5 f6 31. Rxd5 fxe5 32. Rxb5 Nd4 33. Rb8+ Kh7 34. Kf2 Nb3 35. Rxb3 cxb3 36. Rxd3 Rxb2+ 37. Ke3 Rb1 38. Rd2 Kg6 39. Kd3 b2 40. Kc2 Rf1 41. Kxb2 Rxf3 42. Kc2 Kg5 43. Kd1 Kg4 44. Ke2 Ra3 45. Kf2 g5 46. Kg2 Kf5 47. Kf2 h5 48. Rb2 g4 49. Rc2 Rb3 50. Ra2 Ke4 51. Re2+ Kd4 52. Rd2+ Rd3 53. Ra2 e4 54. Ra4+ Ke5 55. Ra8 Rb3 56. Re8+ Kd4 57. Rd8+ Ke5 58. Re8+ Kd4 59. Rd8+ 1/2-1/2

[Event "45th Olympiad Budapest 2024"]
[Site "Budapest"]
[Date "2024.09.19"]
[Round "8"]
[Board "2"]
[White "Krieger, Markus"]
[Black "Angel, Estanislao Gatjens Capche"]
[Result "1-0"]
[WhiteElo "2153"]
[BlackElo "1849"]
[PlyCount "89"]
[EventDate "2024.09.11"]
[EventType "team-tourn"]
[EventRounds "11"]
[EventCountry "HUN"]
[WhiteTeam "Liechtenstein"]
[BlackTeam "Equatorial Guinea"]
[WhiteTeamCountry "LIE"]

1. e4 c6 2. d4 d5 3. e5 Bf5 4. Nf3 e6 5. Be2 c5 6. c3 Nc6 7. O-O Bg4 8. Nbd2 Qb6 ({RR} 8... cxd4 9. Nxd4 Bxe2 10. Qxe2 Nge7 11. N2f3 Nxd4 12. cxd4 Nc6 13. h4 Be7 14. h5 h6 15. Bf4 Qb6 16. Rfd1 a5 17. Qe3 a4 18. Rab1 Kd7 19. Ne1 Rhc8 20. b4 axb3 21. Rxb3 Qa6 22. Qg3 Qxa2 23. Rxb7+ {1-0 Wei Yi (2722)-Anton Guijarro,D (2690) Chessable Masters Div 3 L 2023 (4.1)}) ({RR} 8... cxd4 9. Nxd4 Bxe2 10. Qxe2 Nxd4 11. cxd4 Ne7 12. Rd1 Nc6 13. Nb3 a5 14. Be3 Qd7 15. Qg4 b6 16. Rac1 Ne7 17. Rc3 a4 18. Nd2 Rc8 19. Rdc1 Rxc3 20. Rxc3 Nf5 21. a3 Be7 22. Qd1 O-O 23. Qc2 {1-0 Azarya,J (2370)-Sperat Czar,N (2153) Serbia Open 2024 (1.36)}) 9. Re1 $146 ({RR} 9. dxc5 Bxc5 10. Qa4 Nh6 11. h3 Bxf3 12. Nxf3 Nf5 13. b4 Be7 14. Bd3 g6 15. g4 Ng7 16. Be3 Qd8 17. b5 Nb8 18. b6+ Nc6 19. bxa7 O-O 20. Rab1 Qc7 21. Bb6 Qd7 22. Bb5 f6 23. Nd4 Rfc8 {1-0 Zieher,H (2206)-Potrykus,D Oberliga Nord N 0607 2006 (3.3)}) ({RR} 9. h3 Bh5 10. dxc5 Bxc5 11. g4 Bg6 12. b4 Be7 13. Nb3 f6 14. Be3 Qc7 15. Nbd4 Bf7 16. Qa4 Kf8 17. Nxc6 bxc6 18. Bf4 h5 19. Bg3 hxg4 20. hxg4 Qb6 21. Nd4 c5 22. bxc5 Qxc5 23. Rab1 Rh3 {1-0 Komora,A (2295)-Jablonicky,F (2215) SVK-chT1W 0304 2003 (6)}) ({RR} 9. h3 Bh5 10. Nb3 c4 11. Nbd2 Nge7 12. Nh2 Bg6 13. Ndf3 Nf5 14. b3 cxb3 15. Qxb3 Qc7 16. Bg5 a6 17. Qa4 b5 18. Qb3 Na5 19. Qd1 Nc4 20. Bxc4 bxc4 21. Qa4+ Qd7 22. Qxd7+ Kxd7 23. Rab1 Kc7 {1-0 Sanchez,J-Gil Pou,J Once op 6th Spain 1993}) 9... Nge7 10. dxc5 Qxc5 11. Qa4 Bxf3 12. Nxf3 Qa5 13. Qxa5 Nxa5 14. Nd4 a6 15. f4 g6 16. Be3 Nac6 17. Nxc6 bxc6 18. c4 Nf5 19. Bf2 Bb4 20. Red1 h5 21. Rac1 Kd7 22. g3 Rhb8 23. Rc2 Ba5 24. cxd5 cxd5 25. Rdc1 Rb7 26. b3 Ng7 27. Rc6 Ne8 28. Rxa6 Rxa6 29. Bxa6 Rc7 30. Bb5+ Kd8 31. Rxc7 Nxc7 32. Bc6 Ne8 33. Bc5 Ng7 34. Bb5 Kc7 35. Bf8 Bb6+ 36. Kf1 Nf5 37. Be8 Ne3+ 38. Ke2 h4 39. Bxf7 hxg3 40. hxg3 Kd7 41. Bxg6 Ng4 42. a4 Kd8 43. b4 Ne3 44. a5 Bd4 45. Bd3 1-0